Biblioteca

El Reino de Dios / José Luis Martín Descalzo (Registro nro. 34507)

Detalles MARC
000 -LÍDER
Campo fijo de descripción fija 003320000a22001330004500
041 0# - CÓDIGO DE IDIOMA
Código de idioma para texto/pista de sonido o título separado
001 - NÚMERO DE CONTROL
Campo de control 3882
100 1# - ASIENTO PRINCIPAL--NOMBRE PERSONAL
Nombre personal Martín Descalzo, José Luis (1930-)
245 10 - TÍTULO
Título del Material El Reino de Dios / José Luis Martín Descalzo
300 ## - DESCRIPCIÓN FÍSICA
Extensión 42 Pag
650 14 - ASIENTO SECUNDARIO DE MATERIA - TERMINO TEMÁTICO
Término temático o nombre geográfico como elemento de entrada REINO DE DIOS \ TEOLOGIA DE LA LIBERACION
942 ## - TIPO DE MATERIAL (KOHA)
Tipo de Item KOHA Libros General
Existencias
Estado de Material Estado de Perdido Estado de Dañado No para Préstamo Colección Tomo Biblioteca de Origen Biblioteca Permanente Fecha de Adquisición Total de Préstamos Signatura Topográfica Código de Barras Última vez visto Ejemplar/Existencia Fecha de Remplazo Tipo de Material
        Colección Folletos   Biblioteca FUSBC Biblioteca FUSBC 03/12/2004   AV 0020 3094 12/12/2019 1 26/01/2016 Documentos Archivo Vertical

Biblioteca FUSBC | Teléfono: (57+4) 349 88 10 Ext. 141| WhatsApp (+57) 3005338115 
E-mail: biblioteca@unisbc.edu.co | Calle 76 87-14 Robledo Palenque, Medellín, Colombia

Con tecnología Koha